000 01573cam a2200349 a 4500
001 1196920
003 OSt
005 20150216165916.0
008 980609s1998 nyua 001 0 eng
010 _a 98008685
020 _a0070381593
040 _aDLC
_cDLC
_dDLC
050 0 0 _aQA248
_b.L57 1998
082 0 0 _a511.3
_221
_bLIP 1964
100 1 _aLipschutz, Seymour.
_9714
245 1 0 _aSchaum's outline of theory and problems of set theory and related topics /
_cSeymour Lipschutz.
246 3 0 _aTheory and problems of set theory and related topics
246 1 4 _aSet theory and related topics
250 _a2nd ed.
260 _aNew York :
_bMcGraw-Hill,
_c1998.
300 _avi, 282 p. :
_bill. ;
_c28 cm.
490 0 _aSchaum's outline series
500 _aIncludes index.
650 0 _aSet theory
_xOutlines, syllabi, etc.
_9715
650 0 _aSet theory
_xProblems, exercises, etc.
_9716
856 4 2 _3Publisher description
_uhttp://www.loc.gov/catdir/description/mh023/98008685.html
856 4 1 _3Table of contents
_uhttp://www.loc.gov/catdir/toc/mh022/98008685.html
856 4 2 _3Contributor biographical information
_uhttp://www.loc.gov/catdir/enhancements/fy1012/98008685-b.html
906 _a7
_bcbc
_corignew
_d1
_eocip
_f19
_gy-gencatlg
942 _2ddc
_cSLOAN
999 _c1038
_d1038